MARC

LEADER 00000nam0a2200000 4500
001 42316
005 20231101210737.0
010 |a 5705004656 
035 |a (RuTPU)RU\TPU\book\43569 
090 |a 42316 
100 |a 20020829d2001 m y0rusy50 ca 
101 0 |a rus 
102 |a RU 
105 |a y z 001zy 
200 1 |a Обеспечение качества: стандартизация, единство измерений, оценка соответствия  |f Л. К. Исаев , В. Д. Малинский 
210 |a Москва  |c Изд-во стандартов  |d 2001 
215 |a 280 с. 
320 |a Библиогр.: с. 274-275. 
606 1 |a Промышленная продукция  |x Качество  |2 stltpush  |3 (RuTPU)RU\TPU\subj\73587  |9 86511 
610 1 |a стандартизация 
610 1 |a сертификация 
610 1 |a организация производства 
610 1 |a метрология 
610 1 |a окружающая среда 
610 1 |a экология 
610 1 |a управление 
610 1 |a стандарты ИСО 
610 1 |a нормативные документы 
610 1 |a законы 
610 1 |a Россия 
610 1 |a банковские технологии 
675 |a 658.562  |v 3 
700 1 |a Исаев  |b Л. К.  |g Лев Константинович 
701 1 |a Малинский  |b В. Д.  |g Владимир Давидович 
801 1 |a RU  |b 63413507  |c 20020829  |g PSBO 
801 2 |a RU  |b 63413507  |c 20141114  |g PSBO 
942 |c BK